02499nam a22001937a 4500003000400000020001800004082002000022100001600042245002500058250000800083260004500091300000800136650001500144653177800159942001601937952016801953952016902121999001502290SGT a9788125923473 a338.5024658,DWI aDWIVEDI,D.N aMANAGERIAL ECONOMICS a7TH aNEW DELHIbVIKASH PUBLISHING HOUSEc2014 a704 aPRODUCTION aNature and Scope of Managerial Economics • Objectives of Business Firms • Some Fundamental Concepts and Business Decision Rules • Basic Tools of Economic Analysis and Optimization Techniques • Method of Estimating a Function: The Regression Technique • Analysis of Consumer Demand • Analysis of Market Demand • Elasticity of Demand • Demand Forecasting • Theory of Production • Theory of Cost and Break-Even Analysis • Linear Programming • Market Structure and Pricing Decisions • Price and Output Determination under Perfect Competition • Price and Output Determination under Monopoly • Price and Output Determination under Monopolistic Competition • Price and Output Determination under Oligopoly • Game Theory and Strategic Behaviour of Oligopoly Firms • Alternative Theories of the Firm • Pricing Strategies and Practices • Capital Budgeting and Investment Decisions under Certainty • Investment Decisions under Risk and Uncertainty • Macroeconomics: Definition, Nature, Scope and Importance • Circular Flow Model of the Economy • National Income: Concept and Measurement • Theory of National Income Determination • Monetary Sector of the Economy • IS-LM Model of the Economy: The General Equilibrium Model • Modern Theories of Economic Growth • Business Cycles and Control Measures • Theories of Inflation and Control Measures • Changing International Business Environment • Theories of Foreign Trade • Foreign Trade Policy: Free Trade vs. Trade Control • Determination of Foreign Exchange Rate • Balance of Payments: Meaning, Measurement and Adjustment • International Monetary System • Government's Role in the Economy • Monetary Policy • Fiscal Policy • Industrial Policy of India 2ddccFCM06 00102ddc40708CMaSSSLbSSSLcDISPLAYd2016-06-03eSPARCH BOOKg450.00iSGTUl10o338.5024658,DWIpCM469r2024-12-18 00:00:00s2024-12-03w2014-11-25yFCMk1290 00102ddc40718CMaSSSLbSSSLcREFd2016-07-08eGIFT BY DR. DILIP SINGHg145.00iSGTUl1o338.5024658,DWIpCM255r2018-07-04 00:00:00s2018-07-04w2016-07-08yFCM c8931d8931